| 000 | 00678nam a22002417a 4500 | ||
|---|---|---|---|
| 001 | 020045417 | ||
| 003 | DO-SdBNP | ||
| 005 | 20180219145012.0 | ||
| 007 | 020045417 | ||
| 008 | 161202b 1992 cl a ||||| |||| 00| 0 spa d | ||
| 040 |
_aBPMSU _bspa _cBPMSU |
||
| 082 |
_axxxx _bxxxx |
||
| 100 | 1 | _aMoleón Viana, Miguel Ángel | |
| 245 | 1 | 0 |
_aCorazon / _cEdmundo de Amicis. |
| 260 |
_aSantiago de Chile : _bTexido, _c1992. |
||
| 300 |
_a79 p. ; _c19 cm. |
||
| 490 | 1 | _aClásicos universales. | |
| 700 | 1 | 2 |
_aRobins, Arthur, _eil. |
| 830 | 0 | _aClásicos universales. | |
| 942 |
_2ddc _cBK |
||
| 945 | _aInventariado, 2018 / BT | ||
| 956 |
_2LOPEREZ _310 _620161202 _8BPMSU _a00041 |
||
| 999 |
_c12236 _d12236 |
||